=LDR 00000nam 2200000 4500 =001 INLIS000000000012078 =005 20130612103624 =008 ***********************************Ind** =035 ##$$0010-061300000012078 =041 ##$$a Ind =082 ##$$a 540.07 =090 ##$$a 540.07, Pur k =100 ##$$a Purbianto, Agung =245 ##$$a Kimia, Prongram inti untukSMA, oleh Agung Purbianto, P. Ananta =260 ##$$a 1989 $b Klaten =300 ##$$a ...jil., ilus, 21 cm =650 ##$$a Kimia =650 ##$$a Studi dan Pengajaran =850 ##$$a NBPNMAT